| 000 | 00789nam a2200217 i 4500 | ||
|---|---|---|---|
| 001 | 95158 | ||
| 003 | ES-MaACL | ||
| 005 | 20250416222533.0 | ||
| 007 | t| | ||
| 008 | 050524s1955 sp ||||1| spa d | ||
| 100 | 1 |
_aLuque Fajardo, Francisco de. _974830 |
|
| 245 | 1 | 0 |
_aFiel desengaño contra la ociosidad y los juegos / _cFrancisco de Luque Faxardo; edición y prólogo de Martín de Riquer. |
| 260 |
_aMadrid : _bReal Academia Española, _c1955. |
||
| 300 |
_a2 v. ; _c22 cm. |
||
| 490 | 1 |
_aBiblioteca selecta de clásicos españoles ; _v16 |
|
| 700 | 1 |
_aRiquer, Martín de, _d1914-2013 _9240061 |
|
| 710 | 2 |
_aReal Academia Española _96336 |
|
| 830 | 0 |
_aBiblioteca selecta de clásicos españoles ; _v16 _9184355 |
|
| 852 |
_aES-MaACL _jE-6102-3 _bR.90829 |
||
| 999 |
_c95158 _d95158 |
||